000 01056cam a2200253 4500
008 020722n2002 000 0 eng u
020 _a1853395471
035 _a(Sirsi) u118961
041 _aeng.
050 _a690.241
100 _aHolmes, S.
245 _aBuilding with lime: a practical introduction
260 _aLondon
_bITDG Publishing
_c2002
300 _ax,309p.
_bill.
_c24cm.
350 _a22.95
520 _aA starting point for those considering lime as a building material. Provides the reader with a wealth of practical advice that includes: a clear explanation of all the major uses of lime in building such as mortars and plasters, painting and finishes, ceilings and foundations, repair, maintenance and conservation; and a chapter on testing and standards covering limestone recognition, and field testing.
650 _aLIME
650 _aPLASTERWORK
650 _aLIMESTONE
650 _aBUILT ENVIRONMENT-BUILDING MATERIALS
690 _aBUILT ENVIRONMENT-BUILDING MATERIALS
700 _aWingate, M.
942 _n0
999 _c102221
_d102221